[Event "49th Ilmar Raud Memorial"]
[Site "Viljandi"]
[Date "2015.07.02"]
[Round "5.2"]
[White "Blomqvist, Erik"]
[Black "Miezis, Normunds"]
[Result "0-1"]
[WhiteElo "2509"]
[BlackElo "2508"]
[PlyCount "56"]
[EventDate "2015.??.??"]
[EventCountry "EST"]

1. e4 c5 2. Nf3 e6 3. c3 d5 4. e5 d4 5. Na3 Nc6 6. Bd3 Bd7 7. Qe2 Nge7 8. O-O
Ng6 9. g3 a6 10. h4 Qc7 11. Re1 f6 12. exf6 gxf6 13. Bf5 O-O-O 14. Bxe6 d3 15.
Bxd7+ Rxd7 16. Qe8+ Nd8 17. Qe4 Bd6 18. Qxd3 Bxg3 19. Qc4 Rg7 20. Kf1 Nxh4 21.
Nxh4 Bxf2 22. Nf5 Rg1+ 23. Kxf2 Qh2+ 24. Ke3 Rxe1+ 25. Kd3 Qe2+ 26. Kc2 Qd1+
27. Kd3 Ne6 28. Nc2 Qe2# 0-1

[Event "49th Ilmar Raud Memorial"]
[Site "Viljandi"]
[Date "2015.07.02"]
[Round "5.3"]
[White "Kulaots, Kaido"]
[Black "Berzinsh, Roland"]
[Result "1/2-1/2"]
[WhiteElo "2574"]
[BlackElo "2402"]
[PlyCount "51"]
[EventDate "2015.??.??"]
[EventCountry "EST"]

1. d4 d5 2. c4 dxc4 3. Nf3 a6 4. e3 b5 5. a4 Bb7 6. b3 e6 7. bxc4 bxc4 8. Bxc4
Nf6 9. O-O Nbd7 10. Nbd2 Be7 11. Rb1 Rb8 12. Qe2 O-O 13. Bxa6 Bxa6 14. Qxa6
Rxb1 15. Nxb1 Qa8 16. Qc4 c5 17. dxc5 Nxc5 18. Ba3 Nd5 19. Bxc5 Rc8 20. Nbd2
Rxc5 21. Qb3 Rc3 22. Qb2 Qxa4 23. Ra1 Ra3 24. Rxa3 Qxa3 25. Qxa3 Bxa3 26. g3
1/2-1/2

[Event "49th Ilmar Raud Memorial"]
[Site "Viljandi"]
[Date "2015.07.02"]
[Round "5.4"]
[White "Kveinys, Aloyzas"]
[Black "Vorobjov, Pavel"]
[Result "1-0"]
[WhiteElo "2486"]
[BlackElo "2201"]
[PlyCount "53"]
[EventDate "2015.??.??"]
[EventCountry "EST"]

1. d4 Nf6 2. Nf3 g6 3. c4 Bg7 4. g3 O-O 5. Bg2 d6 6. O-O Nbd7 7. Nc3 e5 8. e4
c6 9. h3 Qb6 10. c5 dxc5 11. dxe5 Ne8 12. e6 fxe6 13. Ng5 Ne5 14. f4 c4+ 15.
Kh2 Nd3 16. e5 Nc7 17. Nce4 h6 18. Nf3 Nd5 19. Nd6 Qc5 20. Qe2 b5 21. Nh4 Ne7
22. Be3 Qb4 23. Be4 g5 24. fxg5 Nxe5 25. gxh6 Qxd6 26. hxg7 Rf7 27. Qh5 1-0

[Event "49th Ilmar Raud Memorial"]
[Site "Viljandi"]
[Date "2015.07.02"]
[Round "5.5"]
[White "Sepp, Olav"]
[Black "Meskovs, Nikita"]
[Result "0-1"]
[WhiteElo "2426"]
[BlackElo "2451"]
[PlyCount "120"]
[EventDate "2015.??.??"]
[EventCountry "EST"]

1. Nf3 d5 2. g3 Nf6 3. Bg2 g6 4. O-O Bg7 5. d3 O-O 6. Nbd2 c5 7. e4 Nc6 8. c3
e5 9. Qb3 d4 10. Nc4 Ne8 11. Bg5 Qc7 12. cxd4 cxd4 13. Rfc1 Be6 14. Qa3 f6 15.
Bd2 Rf7 16. b4 Bf8 17. Qa4 Qd8 18. b5 a6 19. bxc6 b5 20. Ba5 bxa4 21. Bxd8 Rxd8
22. Nb6 Rc7 23. Nd5 Bxd5 24. exd5 Rxd5 25. Rc4 a3 26. Nd2 Ra5 27. Rb1 Kf7 28.
Kf1 Bd6 29. Rcc1 Ke7 30. Rb8 Rb5 31. Rb1 Rxb1+ 32. Rxb1 a5 33. Rb8 f5 34. Rb6
Nf6 35. Ke2 Ke6 36. Rb5 Bb4 37. Nb3 Kd6 38. f4 e4 39. Nxd4 Bc3 40. dxe4 fxe4
41. Nb3 Rxc6 42. Nd2 Bxd2 43. Kxd2 Rc4 44. Rxa5 Rb4 45. Ra6+ Ke7 46. Ra7+ Kd8
47. Bh3 Rb2+ 48. Ke3 Rxa2 49. Be6 Ra1 50. Kd4 e3 51. Kd3 h5 52. h3 Ne4 53. Bc4
Nd6 54. Be6 Nb5 55. Ra5 e2 56. Kxe2 Nd4+ 57. Kd2 Nxe6 58. Kc2 Nd4+ 59. Kd3 a2
60. Kc3 Rc1+ 0-1

[Event "49th Ilmar Raud Memorial"]
[Site "Viljandi"]
[Date "2015.07.02"]
[Round "5.6"]
[White "Krupenski, Juri"]
[Black "Shvyrjov, Igor"]
[Result "1-0"]
[WhiteElo "2339"]
[BlackElo "2433"]
[PlyCount "131"]
[EventDate "2015.??.??"]
[EventCountry "EST"]

1. Nf3 d6 2. c4 Nf6 3. Nc3 g6 4. g3 Bg7 5. Bg2 c6 6. O-O O-O 7. d3 Bg4 8. Rb1
Qc8 9. Re1 Bh3 10. Bh1 h6 11. b4 Qc7 12. b5 Nbd7 13. Bd2 e5 14. Qc1 Kh7 15. a4
Nc5 16. Qa3 e4 17. dxe4 Nfxe4 18. Nxe4 Nxe4 19. Bf4 Rfe8 20. Rbc1 g5 21. Be3 c5
22. Nd2 Nf6 23. Qd3+ Kg8 24. Ne4 Ng4 25. Bd2 Ne5 26. Qxd6 Qxd6 27. Nxd6 Red8
28. Ne4 f5 29. Bxg5 fxe4 30. Bxd8 Rxd8 31. Bxe4 Be6 32. Bxb7 Nxc4 33. Red1 Nd2
34. a5 c4 35. a6 c3 36. b6 axb6 37. a7 b5 38. a8=Q Rxa8 39. Bxa8 b4 40. Rc2 Nc4
41. Be4 b3 42. Rcc1 Nd2 43. Rxd2 cxd2 44. Rd1 Bc3 45. f4 b2 46. Bc2 Bg4 47. Bd3
Be6 48. Bc2 Bg4 49. Kf2 Bd4+ 50. Kg2 Bc3 51. Kf1 Kg7 52. h3 Bxh3+ 53. Kf2 Be6
54. Ke3 Bc4 55. Bb1 h5 56. Rxd2 Bxd2+ 57. Kxd2 h4 58. gxh4 Kh6 59. e3 Kh5 60.
Kc3 Bf7 61. Kxb2 Kxh4 62. Kc3 Kg4 63. Kd4 Kf3 64. f5 Bg8 65. f6 Bf7 66. Be4+
1-0

[Event "49th Ilmar Raud Memorial"]
[Site "Viljandi"]
[Date "2015.07.02"]
[Round "5.7"]
[White "Garanin, Aleksei"]
[Black "Seeman, Tarvo"]
[Result "0-1"]
[WhiteElo "1902"]
[BlackElo "2414"]
[PlyCount "68"]
[EventDate "2015.??.??"]
[EventCountry "EST"]

1. d4 Nf6 2. c4 g6 3. Nc3 Bg7 4. e4 d6 5. Be2 O-O 6. Bg5 c5 7. d5 e6 8. Nf3
exd5 9. cxd5 Bg4 10. Nd2 Bxe2 11. Qxe2 Nbd7 12. O-O Re8 13. f4 b5 14. Nxb5 Qb6
15. a4 Nxe4 16. Nxe4 f5 17. Nbxd6 Qxd6 18. Nxd6 Rxe2 19. Rae1 Bd4+ 20. Kh1 Rxe1
21. Rxe1 Nb6 22. Nb5 Nxd5 23. Nxd4 cxd4 24. Rd1 Re8 25. g3 Re4 26. Bd8 Kf7 27.
Ba5 Ke6 28. Rd3 Ne3 29. b3 Kd5 30. Kg1 Nc2 31. Kf2 Re3 32. Rd2 Na1 33. b4 Nb3
34. Rc2 Rc3 0-1

[Event "49th Ilmar Raud Memorial"]
[Site "Viljandi"]
[Date "2015.07.02"]
[Round "5.8"]
[White "Sirosh, Ilja"]
[Black "Haavamae, Henrik"]
[Result "1-0"]
[WhiteElo "2314"]
[BlackElo "2055"]
[PlyCount "47"]
[EventDate "2015.??.??"]
[EventCountry "EST"]

1. d4 Nf6 2. c4 e6 3. g3 d5 4. Nf3 dxc4 5. Bg2 Nbd7 6. O-O c5 7. Na3 Nb6 8.
Nxc4 Be7 9. Qb3 Nbd5 10. dxc5 Bxc5 11. Nfe5 O-O 12. Rd1 Qe7 13. Nd3 Nd7 14. e4
N5b6 15. Nxc5 Nxc5 16. Qb4 Nxc4 17. Qxc4 b6 18. b4 Ba6 19. Qc2 Nb7 20. Qb3 Rac8
21. e5 Bc4 22. Qa4 Rfd8 23. Be3 Bd5 24. Qxa7 1-0

[Event "49th Ilmar Raud Memorial"]
[Site "Viljandi"]
[Date "2015.07.02"]
[Round "5.9"]
[White "Soskov, Vjacheslav"]
[Black "Ehlvest, Jaan"]
[Result "1/2-1/2"]
[WhiteElo "2289"]
[BlackElo "2545"]
[PlyCount "110"]
[EventDate "2015.??.??"]
[EventCountry "EST"]

1. e4 c5 2. Nf3 e6 3. d4 cxd4 4. Nxd4 a6 5. Bd3 Bc5 6. Nb3 Be7 7. O-O Nc6 8. c4
Nf6 9. Nc3 d6 10. Be3 b6 11. f4 O-O 12. Qe2 Bb7 13. Kh1 Re8 14. Bg1 Nd7 15.
Rad1 Rc8 16. Rf3 g6 17. Rh3 Qc7 18. Bb1 Ncb8 19. Nd2 Bf8 20. Qf2 Bg7 21. a3 Ba8
22. Ba2 Nc6 23. Qh4 h6 24. Qf2 Rb8 25. b4 Ne7 26. Rc1 Red8 27. Rd3 Nf6 28. Re1
Qb7 29. Bb1 Nh5 30. Na4 b5 31. Nb6 Qc7 32. Nxa8 Rxa8 33. cxb5 axb5 34. Qf3 Rac8
35. Be3 Nf6 36. Nb3 d5 37. e5 Ne4 38. Rc1 Qb7 39. Nc5 Nxc5 40. Bxc5 h5 41. Rdc3
Bf8 42. Bd3 Nf5 43. h3 h4 44. Kh2 Qd7 45. Bxf8 Rxc3 46. Rxc3 Rxf8 47. Bxf5 exf5
48. Rd3 Rd8 49. Qf2 Qe7 50. Qf3 Qe6 51. Rd4 Rd7 52. Qd3 Qb6 53. Qd2 Qc6 54. Qe1
Qb6 55. Qd2 Qc6 1/2-1/2

[Event "49th Ilmar Raud Memorial"]
[Site "Viljandi"]
[Date "2015.07.02"]
[Round "5.10"]
[White "Smirnov, Artem"]
[Black "Jezov, Roman"]
[Result "1/2-1/2"]
[WhiteElo "2448"]
[BlackElo "2258"]
[PlyCount "81"]
[EventDate "2015.??.??"]
[EventCountry "EST"]

1. d4 Nf6 2. c4 c5 3. d5 e6 4. Nc3 exd5 5. cxd5 d6 6. Nf3 g6 7. Bf4 Bg7 8. Qa4+
Bd7 9. Qb3 Qc7 10. e4 O-O 11. Nd2 Nh5 12. Be3 f5 13. exf5 Bxf5 14. h3 Bd7 15.
Nce4 Na6 16. Nc4 Nb4 17. a3 Bf5 18. Ncxd6 Nc2+ 19. Qxc2 Qxd6 20. Nxd6 Bxc2 21.
Rc1 Bb3 22. Bc4 Bxc4 23. Rxc4 b6 24. O-O Rad8 25. Nb5 Rxd5 26. g4 Nf6 27. Nc7
Rd7 28. Ne6 Re8 29. Nxg7 Kxg7 30. b4 cxb4 31. axb4 Re4 32. Rxe4 Nxe4 33. Rc1
Nf6 34. Rc4 Nd5 35. Bd4+ Kf7 36. Be5 b5 37. Re4 Ne7 38. Bd4 Nc6 39. Bc5 a5 40.
bxa5 Nxa5 41. Kg2 1/2-1/2

[Event "49th Ilmar Raud Memorial"]
[Site "Viljandi"]
[Date "2015.07.02"]
[Round "5.11"]
[White "Ladva, Ottomar"]
[Black "Narva, Mai"]
[Result "1-0"]
[WhiteElo "2411"]
[BlackElo "2252"]
[PlyCount "83"]
[EventDate "2015.??.??"]
[EventCountry "EST"]

1. Nf3 d5 2. g3 Nf6 3. Bg2 c5 4. O-O Nc6 5. d4 cxd4 6. Nxd4 e6 7. c4 Bc5 8. Nb3
Be7 9. cxd5 Nxd5 10. e4 Nb6 11. Qe2 Qc7 12. Nc3 O-O 13. Bf4 e5 14. Be3 Bf6 15.
Rfd1 Re8 16. Rac1 Qb8 17. Nd5 Be6 18. Nxf6+ gxf6 19. Qf3 Bxb3 20. Bh6 f5 21.
axb3 Re6 22. Be3 fxe4 23. Qxe4 Qf8 24. Bh3 Rd6 25. Rxd6 Qxd6 26. Bf5 h6 27.
Qg4+ Kh8 28. Bb1 Qf6 29. Qe4 Qg7 30. Qh4 Nd4 31. Kg2 f5 32. Bxh6 Qd7 33. Be3+
Kg7 34. Qg5+ Kf7 35. Qh5+ Ke7 36. Bxd4 exd4 37. Re1+ Kf6 38. Qh4+ Kf7 39. Re5
Qc6+ 40. f3 Nd5 41. Qh7+ Kf6 42. Qxf5+ 1-0

[Event "49th Ilmar Raud Memorial"]
[Site "Viljandi"]
[Date "2015.07.02"]
[Round "5.12"]
[White "Dubrovin, Robert"]
[Black "Shishkov, Andrei"]
[Result "1/2-1/2"]
[WhiteElo "2230"]
[BlackElo "2387"]
[PlyCount "51"]
[EventDate "2015.??.??"]
[EventCountry "EST"]

1. Nf3 d5 2. c4 d4 3. b4 f6 4. d3 e5 5. a3 a5 6. b5 Bg4 7. g3 Nd7 8. Bg2 Nc5 9.
h3 Be6 10. O-O Qd7 11. Kh2 h5 12. Nbd2 h4 13. g4 Bd6 14. Ng1 f5 15. g5 e4+ 16.
Kh1 O-O-O 17. Nb3 Nxb3 18. Qxb3 b6 19. dxe4 fxe4 20. Bxe4 Qf7 21. Qf3 Qxf3+ 22.
Nxf3 Bxc4 23. Bf5+ Kb7 24. Be4+ Kc8 25. Bf5+ Kb7 26. Be4+ 1/2-1/2

[Event "49th Ilmar Raud Memorial"]
[Site "Viljandi"]
[Date "2015.07.02"]
[Round "5.13"]
[White "Sirp, Karl Aleksander"]
[Black "Vovk, Ilja"]
[Result "0-1"]
[WhiteElo "1767"]
[BlackElo "2283"]
[PlyCount "169"]
[EventDate "2015.??.??"]
[EventCountry "EST"]

1. e4 g6 2. d4 Bg7 3. Nc3 d6 4. Be3 c6 5. Qd2 Nd7 6. f3 b5 7. g4 Nb6 8. h4 h6
9. Bd3 Nf6 10. Nh3 Nfd7 11. O-O-O Nc4 12. Bxc4 bxc4 13. Rhg1 Qa5 14. f4 c5 15.
f5 cxd4 16. Bxd4 Bxd4 17. Qxd4 Ne5 18. Rg3 Qb6 19. Nd5 Qxd4 20. Rxd4 Kd7 21.
Ra3 Bb7 22. Ne3 h5 23. g5 Rhc8 24. Nf4 Rc5 25. Ned5 e6 26. Nf6+ Ke7 27. fxe6
fxe6 28. Re3 a5 29. Rc3 Ba6 30. Ng2 Rf8 31. Nf4 Bb5 32. Re3 Be8 33. Rg3 Ng4 34.
Nxe8 Rxf4 35. Nxd6 Rf1+ 36. Kd2 e5 37. Rxc4 Kxd6 38. Rd3+ Kc6 39. Rxc5+ Kxc5
40. Rd5+ Kc6 41. Rxa5 Rh1 42. Ra6+ Kc5 43. Rxg6 Rh2+ 44. Kc3 Rh3+ 45. Kd2 Kd4
46. Rd6+ Kxe4 47. a4 Ne3 48. Rc6 Rh2+ 49. Kc1 Rxh4 50. a5 Rh1+ 51. Kd2 Ra1 52.
b4 Ra4 53. Rh6 Rxb4 54. Rxh5 Rd4+ 55. Ke2 Nd5 56. Rh7 Nf4+ 57. Ke1 Ra4 58. Kd2
Rxa5 59. Rg7 Kf5 60. Ke3 Ra3+ 61. Kd2 Ne6 62. Rf7+ Kxg5 63. c3 Kg6 64. Rf1 Nf4
65. Rb1 Kf5 66. Rb5 Ra2+ 67. Ke3 Re2+ 68. Kf3 Rc2 69. Rc5 Ne6 70. Rc8 Rh2 71.
Kg3 Rh7 72. Rc4 Rc7 73. Rh4 Rxc3+ 74. Kf2 Nf4 75. Rh8 Ke4 76. Ra8 Rc2+ 77. Ke1
Ke3 78. Kd1 Rd2+ 79. Ke1 Nd3+ 80. Kf1 e4 81. Ra1 Kf3 82. Kg1 e3 83. Rf1+ Rf2
84. Rd1 Rg2+ 85. Kh1 0-1

[Event "49th Ilmar Raud Memorial"]
[Site "Viljandi"]
[Date "2015.07.02"]
[Round "5.14"]
[White "Dragun, Valentin"]
[Black "Sinitsina, Anastassia"]
[Result "1-0"]
[WhiteElo "2099"]
[BlackElo "1673"]
[PlyCount "57"]
[EventDate "2015.??.??"]
[EventCountry "EST"]

1. e4 c5 2. Ne2 e6 3. Nbc3 Nc6 4. g3 Nge7 5. Bg2 g6 6. d3 a6 7. Bg5 Bg7 8. Qd2
O-O 9. h4 b5 10. h5 f6 11. Be3 d6 12. hxg6 hxg6 13. Bh6 Rf7 14. f4 Bh8 15.
O-O-O b4 16. Nb1 Qa5 17. a3 Rb8 18. b3 bxa3 19. Qxa5 Nxa5 20. Nxa3 Bd7 21. d4
Bb5 22. Nxb5 axb5 23. dxc5 dxc5 24. Rd6 e5 25. fxe5 fxe5 26. Bh3 Bg7 27. Bg5
Nb7 28. Rd7 Kf8 29. Be6 1-0

[Event "49th Ilmar Raud Memorial"]
[Site "Viljandi"]
[Date "2015.07.02"]
[Round "5.15"]
[White "Pedoson, Georg Aleksander"]
[Black "Chukavin, Kirill"]
[Result "0-1"]
[WhiteElo "1685"]
[BlackElo "2096"]
[PlyCount "74"]
[EventDate "2015.??.??"]
[EventCountry "EST"]

1. e4 c5 2. Nf3 Nc6 3. Bb5 e6 4. Bxc6 bxc6 5. O-O d5 6. d3 Ne7 7. Qe2 Ng6 8. c4
Be7 9. Nc3 O-O 10. Bd2 d4 11. Na4 e5 12. a3 f5 13. exf5 Bxf5 14. Ne1 a5 15. f3
Nf4 16. Bxf4 exf4 17. Nc2 Rb8 18. Rad1 Qd6 19. Kh1 Bh4 20. b4 axb4 21. axb4
cxb4 22. c5 Qd5 23. Qd2 b3 24. Nb4 Qe6 25. Nb6 Qg6 26. Qb2 Rxb6 27. cxb6 c5 28.
b7 Rb8 29. Ra1 Rxb7 30. Na6 Qb6 31. Rfc1 Be7 32. Nxc5 Bxc5 33. Ra8+ Kf7 34. Re1
Re7 35. Rea1 Bxd3 36. Qd2 b2 37. Qxf4+ Qf6 0-1

[Event "49th Ilmar Raud Memorial"]
[Site "Viljandi"]
[Date "2015.07.02"]
[Round "5.19"]
[White "Narva, Regina"]
[Black "Viikmaa, Karmen"]
[Result "1-0"]
[WhiteElo "2007"]
[BlackElo "1692"]
[PlyCount "55"]
[EventDate "2015.??.??"]
[EventCountry "EST"]

1. b3 d5 2. Bb2 c5 3. g3 Nc6 4. Bg2 e5 5. d3 Nf6 6. Nd2 Be7 7. e3 Be6 8. Ne2
Rc8 9. h3 Qd7 10. g4 Qc7 11. Ng3 h6 12. O-O O-O 13. f4 exf4 14. exf4 d4 15.
Nge4 Nd5 16. Qf3 Ne3 17. Rf2 Nb4 18. f5 Bd5 19. f6 Bxf6 20. Nxf6+ gxf6 21. Ne4
Bxe4 22. dxe4 Nbxc2 23. Rc1 Nxg2 24. Rfxc2 Ne3 25. Rxc5 Qd7 26. Qxf6 Kh7 27.
Rxc8 Rxc8 28. Rxc8 1-0

[Event "49th Ilmar Raud Memorial"]
[Site "Viljandi"]
[Date "2015.07.02"]
[Round "6.1"]
[White "Meskovs, Nikita"]
[Black "Aleksandrov, Aleksej"]
[Result "1/2-1/2"]
[WhiteElo "2451"]
[BlackElo "2607"]
[PlyCount "89"]
[EventDate "2015.??.??"]
[EventCountry "EST"]

1. d4 d5 2. Nf3 Nf6 3. c4 e6 4. Bg5 Nbd7 5. cxd5 exd5 6. Nc3 Bb4 7. Nd2 c6 8.
e3 O-O 9. Bd3 Re8 10. O-O Bd6 11. Re1 Qc7 12. f4 h6 13. Bh4 g5 14. fxg5 hxg5
15. Bxg5 Bxh2+ 16. Kf1 Kg7 17. Nf3 Bg3 18. Ne2 Ng4 19. Nxg3 Qxg3 20. Bh4 Qd6
21. Bg5 Qg3 22. Bh4 Nh2+ 23. Nxh2 Qxh4 24. Qg4+ Qxg4 25. Nxg4 a5 26. Ke2 c5 27.
Kd2 c4 28. Bc2 Nf8 29. Ne5 b5 30. e4 Be6 31. Re3 Ng6 32. Rg3 Ra6 33. Rf1 Rh8
34. exd5 Bxd5 35. Rf5 Rd6 36. Rgg5 Rhd8 37. Nxg6 fxg6 38. Re5 b4 39. Bxg6 Rxg6
40. Rxd5 Rxd5 41. Rxd5 Rxg2+ 42. Kc1 a4 43. Ra5 Rg1+ 44. Kc2 Rg2+ 45. Kc1
1/2-1/2

[Event "49th Ilmar Raud Memorial"]
[Site "Viljandi"]
[Date "2015.07.02"]
[Round "6.2"]
[White "Neiksans, Arturs"]
[Black "Krupenski, Juri"]
[Result "1-0"]
[WhiteElo "2600"]
[BlackElo "2339"]
[PlyCount "131"]
[EventDate "2015.??.??"]
[EventCountry "EST"]

1. e4 c5 2. Nf3 d6 3. Bb5+ Nd7 4. O-O Ngf6 5. Re1 a6 6. Bf1 b6 7. d4 cxd4 8.
Nxd4 Bb7 9. f3 e6 10. c4 Be7 11. Nc3 O-O 12. Be3 Qc7 13. Qd2 Rac8 14. Rac1 Qb8
15. Kh1 Rfe8 16. Bg1 Bd8 17. b4 Bc7 18. Qb2 Kh8 19. Red1 Rg8 20. Nb3 Ne5 21.
Na4 Bc6 22. b5 Be8 23. Qd4 Ned7 24. bxa6 Nc5 25. Nc3 Nxa6 26. Nb5 Bxb5 27. cxb5
Nc5 28. Qb2 Nxb3 29. Qxb3 Nd7 30. Rc6 Ne5 31. Rc2 Nd7 32. Rcd2 Nc5 33. Qb4 Qa7
34. Bf2 Rgd8 35. Bg3 Qb8 36. Bc4 h6 37. Rd4 d5 38. Bxc7 Rxc7 39. exd5 Rcd7 40.
Qe1 exd5 41. Rxd5 Re8 42. Qg3 Rxd5 43. Bxd5 Qxg3 44. hxg3 Rd8 45. Kg1 g5 46.
Kf2 Kg7 47. Ke3 Kf6 48. Rd4 Rd6 49. Bc4 Nb7 50. f4 Ke7 51. Rxd6 Nxd6 52. Bd3
Ke6 53. Kd4 f6 54. a4 Nb7 55. Bc2 Kd6 56. Ke4 Ke6 57. Bb3+ Ke7 58. Kd5 Kd7 59.
Bd1 Nd8 60. Bg4+ Kc7 61. Bh5 Kd7 62. Bd1 Kc7 63. Bg4 Nb7 64. Ke6 Nc5+ 65. Kxf6
Nxa4 66. Kg7 1-0

[Event "49th Ilmar Raud Memorial"]
[Site "Viljandi"]
[Date "2015.07.02"]
[Round "6.4"]
[White "Seeman, Tarvo"]
[Black "Kulaots, Kaido"]
[Result "1/2-1/2"]
[WhiteElo "2414"]
[BlackElo "2574"]
[PlyCount "27"]
[EventDate "2015.??.??"]
[EventCountry "EST"]

1. Nf3 Nf6 2. c4 b6 3. g3 c5 4. Bg2 Bb7 5. O-O e6 6. b3 Be7 7. Bb2 O-O 8. Nc3
d6 9. e3 a6 10. Qe2 Nbd7 11. Rfd1 Ra7 12. d4 cxd4 13. exd4 d5 14. Ne5 1/2-1/2

[Event "49th Ilmar Raud Memorial"]
[Site "Viljandi"]
[Date "2015.07.02"]
[Round "6.5"]
[White "Blomqvist, Erik"]
[Black "Sirosh, Ilja"]
[Result "1-0"]
[WhiteElo "2509"]
[BlackElo "2314"]
[PlyCount "43"]
[EventDate "2015.??.??"]
[EventCountry "EST"]

1. e4 e5 2. Nf3 Nc6 3. Bb5 a6 4. Ba4 Nf6 5. O-O b5 6. Bb3 Bc5 7. c3 d6 8. a4
Rb8 9. d4 Bb6 10. a5 Ba7 11. Be3 Bg4 12. Nbd2 O-O 13. Qc2 Ra8 14. Rfe1 h6 15.
h3 Bd7 16. Nf1 Re8 17. Ng3 Qc8 18. Qd2 exd4 19. Bxh6 gxh6 20. Qxh6 Qd8 21. Ng5
d5 22. Nh5 1-0

[Event "49th Ilmar Raud Memorial"]
[Site "Viljandi"]
[Date "2015.07.02"]
[Round "6.6"]
[White "Berzinsh, Roland"]
[Black "Ladva, Ottomar"]
[Result "0-1"]
[WhiteElo "2402"]
[BlackElo "2411"]
[PlyCount "68"]
[EventDate "2015.??.??"]
[EventCountry "EST"]

1. e4 c5 2. Nf3 e6 3. d4 cxd4 4. Nxd4 Nc6 5. Nc3 a6 6. Nxc6 bxc6 7. e5 Qc7 8.
f4 d5 9. exd6 Bxd6 10. Ne4 Be7 11. Bd3 c5 12. Qe2 Bb7 13. O-O Nh6 14. b3 Nf5
15. Bb2 O-O 16. Kh1 a5 17. a4 Rad8 18. Be5 Qb6 19. Rae1 Nh4 20. Rf2 Qa7 21. Bc3
Nf5 22. Rff1 Nd4 23. Qh5 g6 24. Qh3 Rd5 25. Qe3 Qa8 26. Qf2 Rfd8 27. Kg1 R5d7
28. Nd2 c4 29. Nxc4 Bc5 30. Ne3 Nxb3 31. Bf6 Rxd3 32. cxd3 Rxd3 33. Re2 Nd4 34.
Kh1 Nxe2 0-1

[Event "49th Ilmar Raud Memorial"]
[Site "Viljandi"]
[Date "2015.07.02"]
[Round "6.7"]
[White "Ehlvest, Jaan"]
[Black "Kanep, Siim"]
[Result "1-0"]
[WhiteElo "2545"]
[BlackElo "2161"]
[PlyCount "104"]
[EventDate "2015.??.??"]
[EventCountry "EST"]

1. Nf3 Nf6 2. c4 e6 3. d4 b6 4. Nc3 Bb4 5. Bg5 h6 6. Bh4 g5 7. Bg3 Ne4 8. Qc2
f5 9. e3 Bb7 10. Bd3 Bxc3+ 11. bxc3 d6 12. d5 exd5 13. Nd4 Qf6 14. cxd5 Bxd5
15. f3 Nxg3 16. hxg3 Be6 17. Nxe6 Qxe6 18. Bxf5 Qe5 19. Qe4 Qxe4 20. Bxe4 c6
21. O-O-O Ke7 22. Rh2 d5 23. Bc2 Kf6 24. c4 dxc4 25. Rd6+ Ke7 26. Rdxh6 Rxh6
27. Rxh6 Na6 28. Rxc6 Nc5 29. f4 gxf4 30. gxf4 Rg8 31. Rg6 Rxg6 32. Bxg6 b5 33.
g4 a5 34. g5 b4 35. Kc2 a4 36. a3 bxa3 37. Kb1 Nd3 38. Ka2 Nb4+ 39. Kxa3 Nd5
40. Kxa4 Nxe3 41. Be4 c3 42. Kb3 c2 43. Kb2 Ke6 44. Kc1 Ke7 45. Kd2 Ke6 46.
Bxc2 Ng2 47. f5+ Ke5 48. Ke2 Nf4+ 49. Kf3 Nd5 50. Be4 Nc3 51. Bd3 Nd5 52. Kg4
Ne7 1-0

[Event "49th Ilmar Raud Memorial"]
[Site "Viljandi"]
[Date "2015.07.02"]
[Round "6.8"]
[White "Chukavin, Kirill"]
[Black "Smirnov, Artem"]
[Result "1/2-1/2"]
[WhiteElo "2096"]
[BlackElo "2448"]
[PlyCount "143"]
[EventDate "2015.??.??"]
[EventCountry "EST"]

1. e4 c5 2. Nf3 Nc6 3. Nc3 Nf6 4. d4 cxd4 5. Nxd4 d6 6. h3 e5 7. Nde2 h5 8. g3
Be7 9. Bg2 Be6 10. Be3 Rc8 11. Nd5 Bxd5 12. exd5 Nb8 13. O-O Nbd7 14. a4 Qc7
15. a5 a6 16. c4 O-O 17. b3 Rfe8 18. Qd2 Bf8 19. Rfd1 g6 20. Rac1 Bg7 21. b4 e4
22. c5 Ne5 23. c6 Nd3 24. Bb6 Qe7 25. cxb7 Qxb7 26. Rxc8 Qxc8 27. Nc3 Ne5 28.
Nxe4 Nxe4 29. Bxe4 Nc4 30. Qc2 Nxb6 31. axb6 Qxc2 32. Bxc2 Rb8 33. Bd3 Rxb6 34.
Rb1 Bc3 35. b5 a5 36. Rc1 Bb4 37. Rc6 Rb8 38. Ra6 Kg7 39. Kg2 Rc8 40. Rc6 Rb8
41. Ra6 Kf6 42. f4 Re8 43. Kf3 Bc5 44. Be4 Bb4 45. g4 hxg4+ 46. hxg4 g5 47.
fxg5+ Kxg5 48. Ra7 Kf6 49. g5+ Kxg5 50. Rxf7 Bc5 51. Rg7+ Kf6 52. Rg6+ Ke5 53.
Re6+ Rxe6 54. dxe6 Kxe6 55. Ke2 Ke5 56. Kd3 d5 57. Bf3 Bb6 58. Bg2 Kd6 59. Kc3
Kc5 60. Kb3 Kd4 61. Bh1 Ke5 62. Kc3 d4+ 63. Kd3 a4 64. Kc4 Kf4 65. Bd5 a3 66.
Kb3 Ke5 67. Bf3 Bc5 68. b6 Kd6 69. b7 Kc7 70. Be4 Bd6 71. Ka2 Bc5 72. Kb3
1/2-1/2

[Event "49th Ilmar Raud Memorial"]
[Site "Viljandi"]
[Date "2015.07.02"]
[Round "6.9"]
[White "Shvyrjov, Igor"]
[Black "Soot, Margus"]
[Result "0-1"]
[WhiteElo "2433"]
[BlackElo "2101"]
[PlyCount "72"]
[EventDate "2015.??.??"]
[EventCountry "EST"]

1. d4 Nf6 2. Nf3 e6 3. e3 b6 4. Bd3 Bb7 5. O-O d5 6. Nbd2 Nbd7 7. b3 Be7 8. Bb2
O-O 9. Qe2 c5 10. c4 Rc8 11. Rac1 Rc7 12. Rfd1 Qa8 13. cxd5 Nxd5 14. Bb1 Rfc8
15. e4 N5f6 16. a3 cxd4 17. Rxc7 Rxc7 18. Nxd4 Nc5 19. f3 a5 20. Qe3 Ba6 21. g4
Rd7 22. Bc2 Bf8 23. Kg2 e5 24. Nf5 Bd3 25. Rc1 Bxc2 26. Rxc2 Nd3 27. Nc4 Bc5
28. Qg5 Nf4+ 29. Kg3 Nxe4+ 30. fxe4 f6 31. Nh6+ Kf8 32. Nxe5 fxg5 33. Nxd7+ Ke8
34. Nxc5 bxc5 35. Nf5 Qd8 36. Kf3 Qd1+ 0-1

[Event "49th Ilmar Raud Memorial"]
[Site "Viljandi"]
[Date "2015.07.02"]
[Round "6.10"]
[White "Petrov, Dmitri"]
[Black "Sepp, Olav"]
[Result "0-1"]
[WhiteElo "2083"]
[BlackElo "2426"]
[PlyCount "120"]
[EventDate "2015.??.??"]
[EventCountry "EST"]

1. e4 e5 2. d4 exd4 3. Qxd4 Nc6 4. Qe3 Nf6 5. Nc3 Be7 6. Be2 d5 7. exd5 Nb4 8.
Bb5+ c6 9. Ba4 Nfxd5 10. Qd2 Nxc3 11. bxc3 Qa5 12. Bb3 Bf5 13. Ne2 Rd8 14. Qe3
Nxc2+ 15. Bxc2 Bxc2 16. O-O Rd3 17. Qe4 Qd5 18. Qg4 f5 19. Qh5+ Qf7 20. Qxf7+
Kxf7 21. Nd4 Rxc3 22. Bb2 Rc4 23. Rfc1 Bd3 24. Rxc4 Bxc4 25. Nxf5 Bd5 26. Nxe7
Kxe7 27. f3 Kf7 28. Kf2 Re8 29. a4 Bc4 30. Bd4 Re2+ 31. Kg3 a5 32. Bb6 Ra2 33.
Rxa2 Bxa2 34. Bxa5 Bb3 35. Kf4 Bxa4 36. Ke5 Ke7 37. Bb6 Bb5 38. f4 Be2 39. f5
h5 40. g3 Kf7 41. h4 Bd3 42. Kf4 Bc2 43. Ke5 Ke7 44. Bc5+ Kd7 45. Kf4 g6 46.
fxg6 Bxg6 47. g4 hxg4 48. Kxg4 Ke6 49. Kf4 Kd5 50. Bb6 c5 51. Ke3 Kc6 52. Bd8
b5 53. Kd2 b4 54. Kc1 c4 55. Kb2 c3+ 56. Kb3 Kb5 57. Bg5 Bf7+ 58. Kc2 Kc4 59.
Kb1 b3 60. Bc1 Bg6+ 0-1

[Event "49th Ilmar Raud Memorial"]
[Site "Viljandi"]
[Date "2015.07.02"]
[Round "6.11"]
[White "Haavamae, Henrik"]
[Black "Soskov, Vjacheslav"]
[Result "0-1"]
[WhiteElo "2055"]
[BlackElo "2289"]
[PlyCount "120"]
[EventDate "2015.??.??"]
[EventCountry "EST"]

1. e4 c5 2. Nf3 e6 3. d4 cxd4 4. Nxd4 a6 5. Nc3 Qc7 6. Bd3 Nf6 7. O-O Nc6 8.
Be3 Ne5 9. h3 Bc5 10. Kh1 Ng6 11. f4 d6 12. f5 Ne5 13. Qe1 O-O 14. Qh4 Kh8 15.
Rf3 Nxf3 16. gxf3 Qd8 17. Rg1 Bxd4 18. Bxd4 e5 19. Bb6 Qe7 20. Be3 Ng8 21. Rg5
(21. Bh6 $3 $18) 21... g6 22. Nd5 Qd8 23. Bb6 Qd7 24. Be3 Qd8 25. Bb6 Qd7 26.
Ba5 Rb8 27. Rg3 b6 28. Bd2 f6 29. Rxg6 Bb7 30. Bc4 Bxd5 31. Bxd5 Ne7 32. Be6
Nxg6 33. fxg6 Qg7 34. Bf5 Rg8 35. Bh6 Qe7 36. gxh7 Rgd8 37. Qg4 Rb7 38. Qg6 Qf7
39. Qg4 Rc7 40. c3 b5 41. h4 Qc4 42. Kg1 Qf7 43. h5 b4 44. Qg6 bxc3 45. bxc3
Rb8 46. Bh3 Rb1+ 47. Kh2 Rb2+ 48. Kg3 Rxa2 49. Kg4 a5 50. Kf5 a4 51. Qg8+ Qxg8
52. hxg8=Q+ Kxg8 53. Kg6 Rf2 54. Be6+ Kh8 55. Bg4 a3 56. Bf8 a2 57. h6 Rg2 58.
Bg7+ Rxg7+ 59. hxg7+ Kg8 60. Kxf6 Rxg4 0-1